000 01293naa a22003137a 4500
001 BR8104930
003 BR-BrBNA
005 20240918174810.0
007 ta
008 230509b bl.||||| |||| 00| 0 por d
040 _aBR-BrBNA
_bpor
_cBiblioteca Nacional de Agricultura
041 _a(Pt)
072 _aP10; P12
090 _aP10 BR8104930
100 1 _aBarbosa, C.S.
100 1 _aAmisial, R.A.
111 1 _a4. Simposio Brasileiro de Hidrologia e Recursos Hidricos
_cFortaleza, CE (Brazil)
_d15 Nov 1981
245 1 _aPlanejando a minimizacao de custos do uso conjunto das aguas superficiais e subterraneas [recurso hidrico]
260 3 _aSao Paulo, SP (Brasil):
_c1981.
500 _aAnais do 4. Simposio Brasileiro de Hidrologia e Recursos Hidricos. v. 3: recursos hidricos no desenvolvimento economico e social Sao Paulo, SP (Brasil): 1981. p. 79-102 (BR8104930-AM)P10
650 _aAGUAS SUBTERRANEAS
650 _aAGUAS SUPERFICIAIS
650 _aACUDE
650 _aIRRIGACAO
650 _aCUSTO
773 0 _tAnais do 4. Simposio Brasileiro de Hidrologia e Recursos Hidricos. v. 3: recursos hidricos no desenvolvimento economico e social
_wP10 BR8104930
_gSao Paulo, SP (Brasil), 1981. p. 79-102
909 _a202404
_bLucia
_c55
_dLucia Elande
942 _cAM
_2AGRIS
999 _c313663
_d313663